00309nam a2200133Ia 4500008004100000041000800041082001500049100001400064245002000078260003600098300002400134365001100158440000600169240624s9999 xx 000 0 und d aeng a658.45 EME aEMERY SUE aOUTLOOK LEVEL 3 c2007aAustraliabThomson/Heinle a144 : p. : cm. ; 28 cRSb10 v2